[Event "Nationale pupillendag 2013"]
[Site "Roosendaal"]
[Date "2013.06.15"]
[Round "3.8"]
[White "Bijvank, Kylian"]
[Black "Algra, Sake"]
[Result "0-1"]
[LiveChessVersion "1.4.2"]
[BlackElo "1084"]
[WhiteElo "530"]

1. e4 {[%clk 0:19:59]} c5 {[%clk 0:20:00]} 2. Nf3 {[%clk 0:19:58]} d6
{[%clk 0:19:59]} 3. d4 {[%clk 0:19:56]} cxd4 {[%clk 0:19:54]} 4. Nxd4
{[%clk 0:19:54]} Nf6 {[%clk 0:19:53]} 5. Nc3 {[%clk 0:19:52]} g6 {[%clk 0:19:52]}
6. Be3 {[%clk 0:19:48]} Bg7 {[%clk 0:19:52]} 7. Bc4 {[%clk 0:19:46]} O-O
{[%clk 0:19:50]} 8. O-O {[%clk 0:19:44]} Nc6 {[%clk 0:19:46]} 9. Nxc6
{[%clk 0:19:35]} bxc6 {[%clk 0:19:45]} 10. Qd3 {[%clk 0:19:20]} e6
{[%clk 0:19:03]} 11. h3 {[%clk 0:19:11]} d5 {[%clk 0:18:54]} 12. Bb3
{[%clk 0:19:10]} dxe4 {[%clk 0:18:45]} 13. Qxd8 {[%clk 0:19:00]} Rxd8
{[%clk 0:18:44]} 14. Bg5 {[%clk 0:18:51]} h6 {[%clk 0:18:32]} 15. Bxf6
{[%clk 0:18:50]} Bxf6 {[%clk 0:18:32]} 16. Nxe4 {[%clk 0:18:42]} Bxb2
{[%clk 0:18:29]} 17. Rab1 {[%clk 0:18:41]} Bg7 {[%clk 0:18:28]} 18. Rfd1
{[%clk 0:18:36]} Rd4 {[%clk 0:16:56]} 19. Rxd4 {[%clk 0:18:31]} Bxd4
{[%clk 0:16:54]} 20. c3 {[%clk 0:18:23]} Bg7 {[%clk 0:16:43]} 21. Ba4
{[%clk 0:18:21]} Bd7 {[%clk 0:16:28]} 22. c4 {[%clk 0:18:16]} f5 {[%clk 0:16:23]}
23. Nd2 {[%clk 0:18:11]} e5 {[%clk 0:15:45]} 24. c5 {[%clk 0:17:51]} e4
{[%clk 0:15:41]} 25. Bb3+ {[%clk 0:17:49]} Kh7 {[%clk 0:15:36]} 26. Nf1
{[%clk 0:17:32]} Rb8 {[%clk 0:15:28]} 27. Rd1 {[%clk 0:17:15]} Rb7
{[%clk 0:15:05]} 28. Ng3 {[%clk 0:16:41]} Be8 {[%clk 0:13:46]} 29. Rb1
{[%clk 0:16:33]} Bf7 {[%clk 0:13:16]} 30. Kf1 {[%clk 0:16:09]} a5
{[%clk 0:12:58]} 31. Ne2 {[%clk 0:15:52]} a4 {[%clk 0:12:50]} 32. Nc1
{[%clk 0:15:50]} axb3 {[%clk 0:12:48]} 33. Nxb3 {[%clk 0:15:42]} Bc4+
{[%clk 0:12:46]} 34. Kg1 {[%clk 0:15:39]} Bc3 {[%clk 0:12:39]} 35. Rc1
{[%clk 0:15:11]} Bxb3 {[%clk 0:12:36]} 36. Rxc3 {[%clk 0:15:03]} Bxa2
{[%clk 0:12:34]} 37. Ra3 {[%clk 0:14:52]} Rb1+ {[%clk 0:12:29]} 38. Kh2
{[%clk 0:14:49]} Rb2 {[%clk 0:12:22]} 39. Ra7+ {[%clk 0:14:46]} Kg8
{[%clk 0:12:21]} 40. Ra8+ {[%clk 0:14:45]} Kf7 {[%clk 0:12:19]} 41. Ra7+
{[%clk 0:14:44]} Ke8 {[%clk 0:12:17]} 42. Ra8+ {[%clk 0:14:44]} Kd7
{[%clk 0:12:16]} 43. Ra7+ {[%clk 0:14:43]} Kc8 {[%clk 0:12:15]} 44. Ra8+
{[%clk 0:14:41]} Kb7 {[%clk 0:12:14]} 45. Rh8 {[%clk 0:14:40]} Rxf2
{[%clk 0:12:12]} 46. Rxh6 {[%clk 0:14:38]} Bd5 {[%clk 0:12:10]} 47. Rxg6
{[%clk 0:14:35]} e3 {[%clk 0:12:09]} 48. Rg7+ {[%clk 0:14:31]} Ka6
{[%clk 0:12:07]} 49. Re7 {[%clk 0:14:18]} Rxg2+ {[%clk 0:12:04]} 50. Kh1
{[%clk 0:14:16]} Rg7+ {[%clk 0:12:03]} 51. Kh2 {[%clk 0:14:14]} Rxe7
{[%clk 0:12:01]} 52. h4 {[%clk 0:14:12]} f4 {[%clk 0:12:00]} 53. Kg1
{[%clk 0:14:10]} f3 {[%clk 0:11:59]} 54. Kf1 e2+ {[%clk 0:11:57]} 55. Ke1
{[%clk 0:14:07]} Bc4 {[%clk 0:11:54]} 56. h5 {[%clk 0:14:04]} f2+
{[%clk 0:11:50]} 57. Kxf2 {[%clk 0:14:02]} e1=Q+ {[%clk 0:11:48]} 58. Kf3
{[%clk 0:14:01]} Rf7+ {[%clk 0:11:46]} 59. Kg4 {[%clk 0:13:57]} Qe4+
{[%clk 0:11:44]} 60. Kg5 {[%clk 0:13:52]} Qf4+ 61. Kg6 {[%clk 0:13:42]} Qf5+
{[%clk 0:11:39]} 62. Kh6 {[%clk 0:13:38]} Rh7# {[%clk 0:11:35]} 0-1

[Event "Nationale pupillendag 2013"]
[Site "Roosendaal"]
[Date "2013.06.15"]
[Round "3.9"]
[White "Bleeker, Kasper"]
[Black "Van Steenoven, Luuk"]
[Result "0-1"]
[LiveChessVersion "1.4.2"]
[BlackElo "939"]
[WhiteElo "587"]

1. e4 {[%clk 0:19:59]} d5 {[%clk 0:19:59]} 2. exd5 {[%clk 0:19:55]} Nf6
{[%clk 0:19:57]} 3. Nc3 {[%clk 0:19:52]} Nxd5 {[%clk 0:19:56]} 4. Nxd5
{[%clk 0:19:51]} Qxd5 {[%clk 0:19:53]} 5. Nf3 {[%clk 0:19:49]} Bg4
{[%clk 0:19:52]} 6. d3 {[%clk 0:19:39]} Nc6 {[%clk 0:19:48]} 7. Be2
{[%clk 0:19:31]} e5 {[%clk 0:19:37]} 8. h3 {[%clk 0:19:25]} Bh5 {[%clk 0:19:31]}
9. c4 {[%clk 0:19:18]} Qd7 {[%clk 0:19:17]} 10. O-O {[%clk 0:19:05]} Bb4
{[%clk 0:19:06]} 11. Nxe5 {[%clk 0:18:39]} Bxe2 {[%clk 0:19:00]} 12. Qxe2
{[%clk 0:18:32]} Qe7 {[%clk 0:18:58]} 13. Re1 Bxe1 {[%clk 0:18:55]} 14. Qxe1
{[%clk 0:18:16]} Qxe5 {[%clk 0:18:53]} 15. Qxe5+ Nxe5 16. Bf4 Nxd3 17. Bxc7
{[%clk 0:18:01]} O-O {[%clk 0:18:45]} 18. Bd6 {[%clk 0:17:54]} Rfe8
{[%clk 0:18:42]} 19. Kh2 {[%clk 0:17:50]} Rad8 {[%clk 0:18:35]} 20. Bc7
{[%clk 0:17:47]} Rc8 {[%clk 0:18:34]} 21. Bd6 {[%clk 0:17:44]} Rxc4
{[%clk 0:18:32]} 22. Rd1 {[%clk 0:17:30]} Rd4 {[%clk 0:18:23]} 23. Bc5
{[%clk 0:17:23]} Rdd8 {[%clk 0:18:16]} 24. Bxa7 {[%clk 0:17:10]} Nxf2
{[%clk 0:18:12]} 25. Rxd8 Rxd8 26. Bxf2 {[%clk 0:17:00]} Rd2 {[%clk 0:18:11]} 27.
Bg3 {[%clk 0:16:56]} Rxb2 {[%clk 0:18:09]} 28. a4 Ra2 29. Be5 {[%clk 0:16:44]}
Rxa4 {[%clk 0:18:04]} 30. Kg3 {[%clk 0:16:42]} f6 {[%clk 0:18:02]} 31. Bd6
{[%clk 0:16:40]} Kf7 {[%clk 0:17:59]} 32. Kf3 {[%clk 0:16:37]} Ke6 33. Bc5
{[%clk 0:16:34]} b5 {[%clk 0:17:52]} 34. Ke3 {[%clk 0:16:31]} Ke5
{[%clk 0:17:47]} 35. Kd3 {[%clk 0:16:26]} Rc4 {[%clk 0:17:42]} 36. Bf8
{[%clk 0:16:14]} g6 {[%clk 0:17:37]} 37. g4 {[%clk 0:16:06]} f5 {[%clk 0:17:25]}
38. g5 {[%clk 0:15:57]} Kf4 39. h4 Kg4 40. h5 {[%clk 0:15:44]} Kxh5
{[%clk 0:17:02]} 41. Be7 {[%clk 0:15:40]} h6 {[%clk 0:16:49]} 42. gxh6
{[%clk 0:15:32]} Kxh6 {[%clk 0:16:48]} 43. Bd6 {[%clk 0:15:31]} Kg5
{[%clk 0:16:44]} 44. Ke3 {[%clk 0:15:23]} Kg4 {[%clk 0:16:42]} 45. Ke2
{[%clk 0:15:22]} f4 {[%clk 0:16:40]} 46. Kf2 {[%clk 0:15:18]} b4 {[%clk 0:16:38]}
47. Ke2 {[%clk 0:15:17]} b3 {[%clk 0:16:36]} 48. Kd1 {[%clk 0:15:14]} Rc2
{[%clk 0:16:33]} 49. Ba3 g5 50. Bc5 {[%clk 0:14:58]} f3 {[%clk 0:16:27]} 51. Ke1
{[%clk 0:14:55]} Kh3 {[%clk 0:16:26]} 52. Kd1 {[%clk 0:14:48]} b2 0-1

[Event "Nationale pupillendag 2013"]
[Site "Roosendaal"]
[Date "2013.06.15"]
[Round "3.10"]
[White "Kentstra, Thomas"]
[Black "Kien, Clovis"]
[Result "0-1"]
[LiveChessVersion "1.4.2"]
[BlackElo "687"]
[WhiteElo "564"]

1. e4 {[%clk 0:19:58]} e5 {[%clk 0:19:58]} 2. Nf3 {[%clk 0:19:53]} Nc6
{[%clk 0:19:56]} 3. d4 {[%clk 0:19:48]} exd4 {[%clk 0:19:51]} 4. Nxd4
{[%clk 0:19:44]} Nxd4 {[%clk 0:19:45]} 5. Qxd4 {[%clk 0:19:40]} d6
{[%clk 0:19:32]} 6. Bc4 {[%clk 0:19:34]} Bd7 {[%clk 0:19:14]} 7. Qd5
{[%clk 0:19:26]} Qe7 {[%clk 0:19:04]} 8. Bg5 {[%clk 0:19:15]} f6 {[%clk 0:19:00]}
9. Bf4 {[%clk 0:19:01]} Bc6 {[%clk 0:18:47]} 10. Qd4 {[%clk 0:18:34]} Qxe4+
{[%clk 0:18:35]} 11. Qxe4+ {[%clk 0:18:28]} Bxe4 {[%clk 0:18:33]} 12. Nc3
{[%clk 0:18:03]} Bxg2 {[%clk 0:18:24]} 13. Rg1 {[%clk 0:17:57]} Bh3
{[%clk 0:18:17]} 14. Nb5 {[%clk 0:17:51]} O-O-O 15. Be6+ {[%clk 0:17:27]} Bxe6
{[%clk 0:18:02]} 16. Nxa7+ {[%clk 0:17:21]} Kb8 {[%clk 0:17:59]} 17. Nb5
{[%clk 0:17:11]} c6 {[%clk 0:17:54]} 18. Nc3 {[%clk 0:17:00]} g5 {[%clk 0:17:48]}
19. Be3 {[%clk 0:16:52]} Bg7 {[%clk 0:17:40]} 20. O-O-O {[%clk 0:16:45]} Ne7
{[%clk 0:17:37]} 21. Ne4 {[%clk 0:16:10]} d5 {[%clk 0:17:10]} 22. Bc5
{[%clk 0:16:04]} Nf5 {[%clk 0:16:52]} 23. Nc3 {[%clk 0:15:42]} Rd7
{[%clk 0:16:33]} 24. Na4 {[%clk 0:15:08]} Rc7 {[%clk 0:15:55]} 25. Nb6
{[%clk 0:14:12]} Rd8 {[%clk 0:15:35]} 26. Rge1 {[%clk 0:13:56]} Re8
{[%clk 0:15:15]} 27. Re2 {[%clk 0:12:46]} Bf7 {[%clk 0:14:20]} 28. Rxe8+
{[%clk 0:12:31]} Bxe8 {[%clk 0:14:16]} 29. Re1 {[%clk 0:12:25]} Bf7
{[%clk 0:14:08]} 30. Rg1 {[%clk 0:11:33]} Bg6 {[%clk 0:13:57]} 31. Rg4
{[%clk 0:11:26]} Rf7 {[%clk 0:13:48]} 32. Ra4 {[%clk 0:10:54]} Kc7
{[%clk 0:13:33]} 33. Ra8 {[%clk 0:10:48]} Ne7 {[%clk 0:13:21]} 34. Bxe7
{[%clk 0:10:01]} Rxe7 {[%clk 0:13:19]} 35. Nc8 {[%clk 0:09:48]} Re8
{[%clk 0:13:07]} 36. Ra3 {[%clk 0:08:59]} Rxc8 {[%clk 0:13:01]} 37. Re3
{[%clk 0:08:56]} Re8 {[%clk 0:12:57]} 38. Rg3 {[%clk 0:08:38]} Bh6
{[%clk 0:12:39]} 39. Rg1 {[%clk 0:08:20]} Re2 {[%clk 0:12:26]} 40. Rd1
{[%clk 0:08:10]} g4+ {[%clk 0:12:14]} 41. Kb1 {[%clk 0:07:57]} Bxc2+
{[%clk 0:12:11]} 42. Ka1 Bxd1 {[%clk 0:12:04]} 43. Kb1 {[%clk 0:07:49]} Rc2
{[%clk 0:12:00]} 44. a3 {[%clk 0:07:42]} Rc1+ {[%clk 0:11:55]} 45. Ka2
{[%clk 0:07:40]} Bg7 {[%clk 0:11:40]} 46. a4 {[%clk 0:07:27]} f5 {[%clk 0:11:32]}
47. a5 {[%clk 0:07:21]} Bc2 {[%clk 0:11:16]} 48. a6 {[%clk 0:07:15]} bxa6
{[%clk 0:11:13]} 0-1

[Event "Nationale pupillendag 2013"]
[Site "Roosendaal"]
[Date "2013.06.15"]
[Round "3.11"]
[White "Pham, Khoi"]
[Black "Piersma, Wisse"]
[Result "0-1"]
[LiveChessVersion "1.4.2"]
[BlackElo "602"]
[WhiteElo "948"]

1. e4 {[%clk 0:19:59]} e5 {[%clk 0:19:57]} 2. d4 {[%clk 0:19:58]} exd4
{[%clk 0:19:43]} 3. c3 {[%clk 0:19:56]} Nc6 {[%clk 0:19:29]} 4. cxd4
{[%clk 0:19:55]} Nf6 {[%clk 0:19:16]} 5. Nc3 {[%clk 0:19:53]} Bb4
{[%clk 0:19:09]} 6. Bc4 {[%clk 0:19:47]} O-O {[%clk 0:19:02]} 7. Nge2
{[%clk 0:19:30]} Nxe4 {[%clk 0:18:51]} 8. O-O {[%clk 0:19:25]} Nxc3
{[%clk 0:18:27]} 9. bxc3 {[%clk 0:19:21]} Ba5 {[%clk 0:18:18]} 10. Bd2
{[%clk 0:19:16]} d6 {[%clk 0:17:48]} 11. Bg5 {[%clk 0:19:05]} Qxg5
{[%clk 0:17:06]} 12. Qd3 {[%clk 0:18:18]} Bf5 {[%clk 0:16:16]} 13. Qf3
{[%clk 0:17:42]} Qg4 {[%clk 0:15:26]} 14. Qe3 {[%clk 0:17:17]} Rae8
{[%clk 0:14:57]} 15. Qd2 {[%clk 0:17:00]} Qg6 {[%clk 0:14:09]} 16. Nf4
{[%clk 0:16:34]} Qg5 {[%clk 0:13:27]} 17. Rfe1 {[%clk 0:15:03]} Rxe1+
{[%clk 0:12:56]} 18. Rxe1 {[%clk 0:14:52]} h6 {[%clk 0:12:23]} 19. h4
{[%clk 0:14:24]} Qxh4 {[%clk 0:11:28]} 20. Qe3 {[%clk 0:13:29]} Qg5
{[%clk 0:10:29]} 21. d5 {[%clk 0:12:57]} Ne5 {[%clk 0:09:31]} 22. Be2
{[%clk 0:12:24]} Bb6 {[%clk 0:09:09]} 23. Qd2 {[%clk 0:11:32]} Ba5
{[%clk 0:07:40]} 24. Bb5 {[%clk 0:10:14]} Nf3+ {[%clk 0:07:16]} 25. Kh1
{[%clk 0:09:14]} Nxd2 {[%clk 0:07:09]} 26. Ne2 {[%clk 0:08:42]} Be4
{[%clk 0:06:54]} 27. f3 {[%clk 0:08:18]} Nxf3 {[%clk 0:06:13]} 28. Rf1
{[%clk 0:07:42]} Nh4 {[%clk 0:05:52]} 29. Rg1 {[%clk 0:06:46]} Bxg2+
{[%clk 0:05:29]} 30. Kh2 {[%clk 0:06:39]} Qe5+ {[%clk 0:04:55]} 31. Ng3
{[%clk 0:06:32]} Bxc3 {[%clk 0:04:14]} 32. Bd3 {[%clk 0:05:47]} Bd4
{[%clk 0:04:03]} 33. Rxg2 {[%clk 0:05:39]} Nxg2 {[%clk 0:03:56]} 34. Kxg2
{[%clk 0:05:38]} Qxd5+ {[%clk 0:03:52]} 35. Kh3 {[%clk 0:05:25]} Qf3
{[%clk 0:03:44]} 36. Be4 {[%clk 0:05:08]} Qe3 {[%clk 0:03:39]} 37. Kg4
{[%clk 0:04:47]} Qg5+ {[%clk 0:03:26]} 38. Kf3 {[%clk 0:04:44]} Be5
{[%clk 0:03:11]} 39. Nf5 {[%clk 0:04:25]} Qf4+ {[%clk 0:03:01]} 40. Ke2
{[%clk 0:04:21]} Re8 {[%clk 0:02:46]} 41. Bd3 {[%clk 0:03:59]} Re6
{[%clk 0:02:29]} 42. Kd1 {[%clk 0:03:07]} Rf6 {[%clk 0:02:10]} 43. Ne7+
{[%clk 0:02:54]} Kf8 {[%clk 0:02:03]} 44. Nd5 {[%clk 0:02:52]} Qd4
{[%clk 0:01:56]} 45. Nxf6 {[%clk 0:02:48]} Qxd3+ {[%clk 0:01:54]} 46. Kc1
{[%clk 0:02:47]} Qc3+ {[%clk 0:01:52]} 47. Kd1 {[%clk 0:02:43]} Bxf6
{[%clk 0:01:49]} 48. Ke2 {[%clk 0:02:39]} h5 {[%clk 0:01:48]} 49. Kf2
{[%clk 0:02:37]} Qd4+ {[%clk 0:01:46]} 50. Kg2 {[%clk 0:02:36]} Be5
{[%clk 0:01:45]} 51. Kh3 {[%clk 0:02:34]} c5 {[%clk 0:01:43]} 52. Kg2
{[%clk 0:02:32]} c4 {[%clk 0:01:43]} 53. Kh3 {[%clk 0:02:30]} c3 {[%clk 0:01:42]}
54. Kg2 {[%clk 0:02:29]} c2 {[%clk 0:01:42]} 55. Kh3 {[%clk 0:02:27]} c1=Q
{[%clk 0:01:38]} 56. Kg2 {[%clk 0:02:25]} Qdd2+ {[%clk 0:01:37]} 57. Kh3
{[%clk 0:02:23]} Qcc3+ {[%clk 0:01:36]} 58. Kh4 {[%clk 0:02:21]} Qdd4+
{[%clk 0:01:35]} 59. Kxh5 {[%clk 0:02:19]} Qh3+ {[%clk 0:01:32]} 60. Kg5
{[%clk 0:02:17]} Qf4# {[%clk 0:01:31]} 0-1

[Event "Nationale pupillendag 2013"]
[Site "Roosendaal"]
[Date "2013.06.15"]
[Round "3.12"]
[White "Van Cleef, Matteo"]
[Black "Beukema, Constantijn"]
[Result "0-1"]
[LiveChessVersion "1.4.2"]
[BlackElo "516"]
[WhiteElo "683"]

1. e4 {[%clk 0:19:58]} e5 {[%clk 0:19:59]} 2. d4 {[%clk 0:19:56]} Nc6
{[%clk 0:19:50]} 3. dxe5 {[%clk 0:19:54]} Nxe5 {[%clk 0:19:49]} 4. f4
{[%clk 0:19:52]} Nc6 {[%clk 0:19:47]} 5. Nf3 {[%clk 0:19:43]} d6 {[%clk 0:19:36]}
6. Bb5 {[%clk 0:19:19]} Bd7 {[%clk 0:19:25]} 7. O-O {[%clk 0:18:21]} a6
{[%clk 0:19:22]} 8. Bxc6 {[%clk 0:18:15]} Bxc6 {[%clk 0:19:20]} 9. Nc3
{[%clk 0:18:13]} Nf6 {[%clk 0:19:15]} 10. Re1 {[%clk 0:17:58]} Be7
{[%clk 0:18:53]} 11. e5 {[%clk 0:16:48]} dxe5 {[%clk 0:18:29]} 12. Qxd8+
{[%clk 0:16:46]} Rxd8 {[%clk 0:18:25]} 13. fxe5 {[%clk 0:16:43]} Nd7
{[%clk 0:18:19]} 14. Nd4 {[%clk 0:16:04]} O-O {[%clk 0:18:12]} 15. Nf5
{[%clk 0:15:42]} Rfe8 {[%clk 0:17:44]} 16. Rd1 {[%clk 0:15:03]} Nxe5 17. Rxd8
Rxd8 {[%clk 0:17:27]} 18. Nxe7+ {[%clk 0:14:59]} Kf8 {[%clk 0:16:47]} 19. Nxc6
{[%clk 0:14:55]} Nxc6 {[%clk 0:16:45]} 20. Bf4 {[%clk 0:14:43]} Rd7
{[%clk 0:16:36]} 21. Rd1 {[%clk 0:14:34]} Re7 {[%clk 0:16:15]} 22. Kf2
{[%clk 0:13:29]} h6 {[%clk 0:15:58]} 23. Nd5 {[%clk 0:13:04]} Rd7
{[%clk 0:15:51]} 24. Ke2 {[%clk 0:12:43]} g5 {[%clk 0:14:25]} 25. Bxc7
{[%clk 0:12:28]} Ne7 {[%clk 0:14:06]} 26. Nxe7 {[%clk 0:12:05]} Rxe7+
{[%clk 0:14:05]} 27. Kd3 {[%clk 0:11:29]} Rxc7 {[%clk 0:14:01]} 28. Re1
{[%clk 0:10:59]} Kg7 {[%clk 0:13:54]} 29. c3 {[%clk 0:10:53]} Rd7+
{[%clk 0:13:51]} 30. Kc4 {[%clk 0:10:49]} Rd2 {[%clk 0:13:42]} 31. Kb3
{[%clk 0:09:59]} Rxg2 {[%clk 0:13:40]} 32. h3 {[%clk 0:09:57]} Rh2
{[%clk 0:13:37]} 33. Re3 {[%clk 0:09:48]} Kg6 {[%clk 0:13:32]} 34. Kc4
{[%clk 0:09:47]} f5 {[%clk 0:13:30]} 35. Kd5 {[%clk 0:09:40]} f4 {[%clk 0:13:28]}
36. Rd3 Rxb2 {[%clk 0:13:21]} 37. a3 {[%clk 0:08:51]} Ra2 {[%clk 0:13:17]} 38.
Ke5 {[%clk 0:08:37]} Rxa3 {[%clk 0:13:15]} 39. Rd6+ {[%clk 0:08:35]} Kh5
{[%clk 0:13:13]} 40. Rb6 {[%clk 0:08:22]} Rxc3 {[%clk 0:13:10]} 41. Rxb7
{[%clk 0:08:19]} Rxh3 {[%clk 0:13:08]} 42. Ra7 {[%clk 0:08:13]} f3
{[%clk 0:13:07]} 43. Rxa6 {[%clk 0:07:50]} f2 {[%clk 0:13:05]} 44. Ra1
{[%clk 0:07:47]} Re3+ {[%clk 0:13:03]} 45. Kd4 {[%clk 0:07:40]} Re1
{[%clk 0:13:02]} 46. Ra3 {[%clk 0:07:08]} f1=Q 47. Rc3 Qf4+ {[%clk 0:12:11]} 48.
Kc5 {[%clk 0:06:54]} Re5+ {[%clk 0:12:08]} 49. Kb6 {[%clk 0:06:40]} Qb4+
{[%clk 0:12:07]} 50. Ka6 {[%clk 0:06:21]} Ra5# 0-1

[Event "Nationale pupillendag 2013"]
[Site "Roosendaal"]
[Date "2013.06.15"]
[Round "3.13"]
[White "Van der Noordaa, Joost"]
[Black "Roskam, Boaz"]
[Result "0-1"]
[LiveChessVersion "1.4.2"]
[BlackElo "343"]
[WhiteElo "349"]

1. e4 {[%clk 0:19:59]} e5 {[%clk 0:19:59]} 2. Nf3 {[%clk 0:19:57]} Nc6
{[%clk 0:19:55]} 3. Bb5 {[%clk 0:19:56]} Nf6 {[%clk 0:19:52]} 4. Bxc6
{[%clk 0:19:54]} bxc6 {[%clk 0:19:50]} 5. Nxe5 {[%clk 0:19:53]} Nxe4
{[%clk 0:19:49]} 6. Qe2 {[%clk 0:19:51]} Ng5 {[%clk 0:19:39]} 7. Nxc6+
{[%clk 0:19:49]} Be7 {[%clk 0:19:34]} 8. Nxd8 {[%clk 0:19:47]} O-O
{[%clk 0:19:16]} 9. Nb7 {[%clk 0:19:42]} Bxb7 {[%clk 0:19:13]} 10. Qxe7
{[%clk 0:19:40]} Rfe8 {[%clk 0:19:10]} 11. Qxe8+ {[%clk 0:19:32]} Rxe8+
{[%clk 0:19:07]} 12. Kd1 {[%clk 0:19:30]} Bxg2 {[%clk 0:19:00]} 13. Rg1
{[%clk 0:19:28]} Bf3# {[%clk 0:18:59]} 0-1

[Event "Nationale pupillendag 2013"]
[Site "Roosendaal"]
[Date "2013.06.15"]
[Round "3.14"]
[White "Reina, Leon"]
[Black "Nehizena, Rock"]
[Result "1-0"]
[LiveChessVersion "1.4.2"]
[BlackElo "302"]
[WhiteElo "738"]

1. e4 {[%clk 0:19:59]} d5 {[%clk 0:19:58]} 2. exd5 {[%clk 0:19:57]} Qxd5
{[%clk 0:19:57]} 3. Nc3 {[%clk 0:19:55]} Qd7 {[%clk 0:19:55]} 4. Nf3
{[%clk 0:19:51]} Nc6 {[%clk 0:19:53]} 5. Bb5 {[%clk 0:19:48]} Nf6
{[%clk 0:19:41]} 6. Ne5 {[%clk 0:19:45]} Qd6 {[%clk 0:19:29]} 7. Nf3
{[%clk 0:19:27]} a6 {[%clk 0:19:17]} 8. Ba4 {[%clk 0:19:24]} Bf5 {[%clk 0:19:03]}
9. d3 {[%clk 0:19:18]} O-O-O {[%clk 0:18:57]} 10. Bg5 {[%clk 0:19:01]} h6
{[%clk 0:18:55]} 11. Bxf6 {[%clk 0:18:57]} exf6 {[%clk 0:18:51]} 12. Bxc6
{[%clk 0:18:50]} bxc6 {[%clk 0:18:48]} 13. O-O {[%clk 0:18:43]} Bg4
{[%clk 0:18:41]} 14. h3 {[%clk 0:18:41]} Bxf3 {[%clk 0:18:40]} 15. Qxf3
{[%clk 0:18:39]} g5 {[%clk 0:18:20]} 16. Qf5+ {[%clk 0:20:24]} Rd7
{[%clk 0:18:06]} 17. Rfe1 {[%clk 0:20:18]} a5 {[%clk 0:17:52]} 18. Re8+
{[%clk 0:20:12]} Kb7 {[%clk 0:17:46]} 19. Qxa5 {[%clk 0:20:05]} Re7
{[%clk 0:17:30]} 20. Rxe7 {[%clk 0:19:54]} Qxe7 {[%clk 0:17:23]} 21. Qa4
{[%clk 0:19:44]} Qe5 {[%clk 0:17:13]} 22. Qb3+ {[%clk 0:19:41]} Kc8
{[%clk 0:17:05]} 23. Qa4 {[%clk 0:18:57]} c5 {[%clk 0:16:49]} 24. Qa8+
{[%clk 0:18:41]} Kd7 {[%clk 0:16:45]} 25. Qd5+ {[%clk 0:18:33]} Qxd5
{[%clk 0:16:39]} 26. Nxd5 {[%clk 0:18:31]} Bg7 {[%clk 0:16:23]} 27. Re1
{[%clk 0:18:25]} Ra8 {[%clk 0:16:07]} 28. a3 {[%clk 0:18:13]} Kd6
{[%clk 0:16:04]} 29. Nc3 {[%clk 0:18:04]} f5 {[%clk 0:15:56]} 30. Nb5+
{[%clk 0:17:53]} Kc6 {[%clk 0:15:50]} 31. Nc3 {[%clk 0:17:45]} Bxc3
{[%clk 0:15:47]} 32. bxc3 {[%clk 0:17:43]} Rxa3 {[%clk 0:15:43]} 33. c4
{[%clk 0:17:42]} Ra2 {[%clk 0:15:36]} 34. Re7 {[%clk 0:17:34]} f6
{[%clk 0:15:26]} 35. Rf7 {[%clk 0:17:28]} Rxc2 {[%clk 0:15:24]} 36. Rxf6+
{[%clk 0:17:26]} Kd7 {[%clk 0:15:19]} 37. Rxh6 {[%clk 0:17:21]} Rd2
{[%clk 0:15:12]} 38. Rh7+ {[%clk 0:17:18]} Kc8 {[%clk 0:15:10]} 39. Rg7
{[%clk 0:17:11]} Rxd3 {[%clk 0:15:06]} 40. Rxg5 {[%clk 0:17:09]} f4
{[%clk 0:14:55]} 41. h4 {[%clk 0:17:05]} Rc3 {[%clk 0:14:52]} 42. h5
{[%clk 0:17:03]} Rxc4 {[%clk 0:14:50]} 43. h6 {[%clk 0:17:01]} Rd4
{[%clk 0:14:49]} 44. h7 {[%clk 0:16:57]} Rd8 {[%clk 0:14:45]} 45. Rg8
{[%clk 0:16:56]} Kb7 {[%clk 0:14:02]} 46. Rxd8 {[%clk 0:16:50]} c4
{[%clk 0:13:55]} 47. Rd4 {[%clk 0:16:47]} c3 {[%clk 0:13:54]} 48. Rb4+
{[%clk 0:16:46]} Kc6 {[%clk 0:13:51]} 49. Rc4+ {[%clk 0:16:45]} Kb5
{[%clk 0:13:50]} 50. Rxc3 {[%clk 0:16:44]} Kb4 {[%clk 0:13:49]} 51. Rxc7
{[%clk 0:16:42]} Kb3 {[%clk 0:13:46]} 52. h8=Q {[%clk 0:16:40]} Kb4
{[%clk 0:13:35]} 53. Qd4+ {[%clk 0:16:37]} Kb3 {[%clk 0:13:32]} 54. Rc3+
{[%clk 0:16:36]} Ka2 {[%clk 0:13:30]} 55. Qd2+ {[%clk 0:16:34]} Kb1
{[%clk 0:13:28]} 56. Rc1# {[%clk 0:16:34]} 1-0

[Event "Nationale pupillendag 2013"]
[Site "Roosendaal"]
[Date "2013.06.15"]
[Round "3.15"]
[White "Sterkendries, Lobke"]
[Black "Kutchoukov, Daniel"]
[Result "0-1"]
[LiveChessVersion "1.4.2"]
[BlackElo "563"]
[WhiteElo "282"]

1. e4 {[%clk 0:19:59]} Nf6 {[%clk 0:19:57]} 2. Nc3 {[%clk 0:19:56]} Nc6
{[%clk 0:19:39]} 3. Nf3 {[%clk 0:19:49]} e6 {[%clk 0:19:28]} 4. d4
{[%clk 0:19:47]} d5 {[%clk 0:19:21]} 5. exd5 {[%clk 0:19:41]} exd5
{[%clk 0:19:19]} 6. Qe2+ {[%clk 0:19:37]} Be7 {[%clk 0:19:16]} 7. Ng5
{[%clk 0:19:34]} h6 {[%clk 0:19:13]} 8. Nf3 {[%clk 0:19:31]} Bg4 {[%clk 0:19:09]}
9. h3 {[%clk 0:19:25]} Nxd4 {[%clk 0:18:59]} 10. Qd3 {[%clk 0:19:20]} Nxf3+
{[%clk 0:18:52]} 11. gxf3 {[%clk 0:19:15]} Bh5 {[%clk 0:18:44]} 12. Qxd5
{[%clk 0:19:08]} Nxd5 {[%clk 0:18:41]} 13. Bb5+ {[%clk 0:19:05]} c6
{[%clk 0:18:38]} 14. Bd3 {[%clk 0:19:03]} Bxf3 {[%clk 0:18:34]} 15. Rg1
{[%clk 0:18:59]} O-O {[%clk 0:18:31]} 16. Na4 {[%clk 0:18:46]} b5
{[%clk 0:18:24]} 17. Nc3 {[%clk 0:18:43]} Nxc3 {[%clk 0:18:20]} 18. bxc3
{[%clk 0:18:42]} Qa5 {[%clk 0:18:13]} 19. Bb2 {[%clk 0:18:32]} b4
{[%clk 0:18:11]} 20. cxb4 {[%clk 0:18:29]} Qxb4+ {[%clk 0:18:09]} 21. Kd1
{[%clk 0:18:24]} Qxb2+ {[%clk 0:17:59]} 22. Rc1 {[%clk 0:18:20]} Qb4+ 23. Ra1
{[%clk 0:18:13]} Qb2+ {[%clk 0:17:32]} 24. Rc1 {[%clk 0:18:13]} Bb4+
{[%clk 0:17:29]} 0-1